| 000 | 00479nam a22001817a 4500 | ||
|---|---|---|---|
| 005 | 20230829141638.0 | ||
| 008 | 200517b xxu||||| |||| 00| 0 eng d | ||
| 020 | _a978938217738 | ||
| 041 | _aeng | ||
| 082 | _a615 SHA | ||
| 100 |
_aSHAH BIREN _98173 |
||
| 245 |
_aTEXTBOOK OF PHARMACOGNOSY AND PHYTOCHEMISTRY _cSHAH, BIREN |
||
| 250 | _a2ND ED. | ||
| 260 |
_aNew Delhi _bCBS Publishers and distributors _c2018 |
||
| 300 | _a614P, | ||
| 650 |
_aPHARMACY _98174 |
||
| 942 | _cBK | ||
| 999 |
_c8415 _d8413 |
||